[Event "83rd ESP-ch Women-ch 2018"]
[Site "Linares"]
[Date "2018.08.27"]
[Round "8"]
[White "Kolotilina, Liudmila"]
[Black "Matnadze, Ana"]
[Result "1/2-1/2"]
[WhiteElo "2216"]
[BlackElo "2378"]
[Annotator "TA"]
[PlyCount "78"]
[EventDate "2018.08.09"]
[EventType "tourn"]
[EventCountry "ESP"]
[SourceTitle "playchess.com"]
[Source "ChessBase"]
[SourceQuality "1"]

{[%evp 25,78,85,80,31,33,33,25,11,4,4,8,9,22,9,14,7,17,9,3,0,1,-7,0,0,0,0,0,0,8,0,0,0,0,-16,0,-45,0,0,0,0,0,0,0,0,0,0,8,0,24,16,12,0,8,0,7]} 1. c4 Nf6 2. Nc3 c5 3. e4 Nc6 4. g3 d6 5. Bg2 g6 6. Nge2 Bg7 7. O-O O-O 8. d3 Ne8 9. Be3 Nc7 10. d4 cxd4 11. Nxd4 Ne5 {A36: Symmetrical English vs ...g6: 4 Bg2 Bg7} (11... Ne6 12. Nde2 Nc5 13. Qd2 Rb8 14. Rfd1 Bg4 15. Rab1 Bxc3 16. Nxc3 Bxd1 17. Rxd1 Re8 18. Nd5 Qc8 19. Qc3 Ne5 {0-1 (36) Zhou,J (2615)-Bai,J (2594) Tianjin 2018}) 12. b3 Ng4 13. Bc1 Ne6 {LiveBook: 8 Games. White is better.} 14. Nxe6 (14. Nde2 {keeps more tension.} Ne5 15. Be3 Ng4 16. Bd2 a6 17. h3) 14... fxe6 15. Qxg4 {[#] And now Bd2 would win.} Bxc3 16. Bh6 Bxa1 17. Bxf8 ({Don't play} 17. Rxa1 e5 $17) 17... Qxf8 18. Rxa1 {Strongly threatening e5!} Qf6 19. Rf1 $146 ({Predecessor:} 19. Re1 e5 20. Qe2 {½-½ (20) Eitel,P-Luckow,R Osterroenfeld 1996}) 19... e5 20. Qe2 Be6 21. Qe3 b6 22. Qc3 Rc8 23. Qb4 Rc5 24. Qd2 g5 25. Qe2 Qg6 26. Bf3 Bf7 27. Kh1 h5 28. Rg1 Kg7 (28... g4 $5 29. Bg2 $8 Be8 $11) 29. Qe3 Rc8 30. a4 Rc5 31. Be2 g4 32. h3 Be6 33. hxg4 hxg4 {[#] ( -> ...Qh5+)} 34. Kg2 Rc8 35. Rh1 Rf8 36. Rh4 Bd7 37. Kg1 Be6 {The position is equal.} 38. Kg2 Bd7 39. Kg1 Be6 {Precision: White = 56%, Black = 52%.} 1/2-1/2

[Event "83rd ESP-ch Women-ch 2018"]
[Site "Linares"]
[Date "2018.08.27"]
[Round "8"]
[White "Garcia Vicente, Nieves"]
[Black "Gonzalez Garcia, Francisco"]
[Result "1-0"]
[WhiteElo "2181"]
[BlackElo "1972"]
[Annotator "TA"]
[PlyCount "103"]
[EventDate "2018.08.09"]
[EventType "tourn"]
[EventCountry "ESP"]
[SourceTitle "playchess.com"]
[Source "ChessBase"]
[SourceQuality "1"]

{[%evp 25,103,25,26,25,27,0,17,2,9,2,9,13,16,0,62,47,36,39,86,74,225,219,216,207,278,289,335,341,268,133,130,38,38,31,31,31,37,0,18,22,29,6,14,0,18,0,0,0,6,0,0,0,0,0,0,0,4,5,477,499,487,219,476,477,431,418,371,347,369,332,541,556,350,427,397,368,351,311,222,202]} 1. d4 Nf6 2. c4 g6 3. Nc3 d5 4. cxd5 Nxd5 5. e4 Nxc3 6. bxc3 Bg7 7. Nf3 c5 8. Be3 O-O 9. Qd2 Qa5 10. Rc1 cxd4 11. cxd4 Qxd2+ 12. Kxd2 e6 13. Bd3 Nc6 14. Rc4 $146 {D85: Exchange Grünfeld: Unusual White 7th moves and lines with 7 Nf3} ({Predecessor:} 14. Rc5 Rd8 15. Rhc1 Bd7 16. Ke2 Be8 17. d5 Nb4 18. Bc4 b6 19. Rc7 exd5 20. exd5 Nxd5 21. Bxd5 Rxd5 {0-1 (42) Wimmer,H (2260)-Van Gaalen,B (2390) Gent 1992}) 14... Bd7 15. Rhc1 (15. Rb1 $5 {[%cal Rb1b7]} b6 16. Rbc1 $14) 15... Rfc8 16. d5 {The position is equal.} exd5 17. exd5 Ne5 18. Rxc8+ Bxc8 19. Be2 b6 (19... Ng4 $11) 20. Rc7 (20. Bf4 {is more complex.} Ng4 21. Rc7 Nxf2 22. Ng5 Bh6 23. Ke3) 20... Nxf3+ 21. Bxf3 {aiming for d6.} Bf8 22. Bf4 {Threatens to win with d6.} Bb4+ $2 {[#]} (22... Ba6 $16) 23. Kc2 $1 $18 Bf5+ 24. Kb3 Bc5 25. g4 Bd3 26. d6 Rd8 27. Bd5 (27. Rxa7 Bxd6 28. Bh6 Rc8 $11) (27. d7 $18 {is the precise move to win.} Be7 28. Bc6 (28. Rxa7 Bb5 $16)) 27... Bxd6 $16 28. Bxf7+ ({White should play} 28. Rxf7 $16 {White wants to mate with Bh6.} Kh8 29. Bg5) 28... Kg7 $14 29. Bxd6 Rxd6 30. Rxa7 {[%mdl 4096] Endgame KRB-KRB} Kf6 31. Bg8 Be2 32. Rxh7 Bxg4 33. Bc4 Ke5 34. Kb4 Bd7 35. Rg7 Kf4 36. Rf7+ Ke5 37. Kc3 Bf5 38. Rc7 Kf4 39. Be2 g5 40. Rc4+ Ke5 41. Rb4 Rh6 $2 {[%mdl 8192] [#]} (41... Rc6+ $11 {and Black is okay.} 42. Bc4 Bd7) 42. f4+ $1 $18 {[%mdl 512]} gxf4 43. Rb5+ Ke4 $2 (43... Kf6) 44. Bd3+ Ke3 45. Re5+ ({Weaker is} 45. Bxf5 f3 $16) ({Not} 45. Rxf5 Rxh2 46. Re5+ Kf3 $18) 45... Kf3 {White must now prevent ...Bxd3.} 46. Rxf5 Rxh2 {KRB-KR} 47. a4 Ra2 $2 (47... Rh6 {keeps fighting.} 48. Ba6 Ke3) 48. Bb5 Kg3 49. Rf6 f3 50. Rxb6 f2 51. Rf6 Kg2 {If Black can now play ...Rxa4 this consolidates a bit.} 52. Kb4 {Precision: White = 55%, Black = 44%.} 1-0

[Event "83rd ESP-ch Women-ch 2018"]
[Site "Linares"]
[Date "2018.08.27"]
[Round "8"]
[White "Garcia Garcia, Adrian Antonio"]
[Black "Sanchez Aller, Fernando"]
[Result "0-1"]
[WhiteElo "2179"]
[BlackElo "2345"]
[Annotator "TA"]
[PlyCount "64"]
[EventDate "2018.08.09"]
[EventType "tourn"]
[EventCountry "ESP"]
[SourceTitle "playchess.com"]
[Source "ChessBase"]
[SourceQuality "1"]

{[%evp 9,64,-4,2,-8,0,7,7,-10,2,4,31,25,41,20,34,-9,-22,-7,27,-61,-71,-54,-56,-68,-37,-69,-67,-65,-92,-72,-69,-136,-142,-102,-88,-167,-167,-179,-187,-191,-176,-171,-166,-341,-345,-454,-381,-672,-647,-1144,-1120,-1171,-1181,-1068,-1081,-1604,-1579]} 1. e4 e5 2. Nf3 Nc6 3. Bc4 Nf6 4. Qe2 Bc5 5. O-O (5. c3 O-O 6. d3 d5 7. Bb3 Be6 8. Ng5 Ne7 9. Nxe6 fxe6 10. O-O Ng6 11. g3 c6 12. Nd2 a5 13. Nf3 Qb6 {1-0 (52) Hector,J (2530)-Sokolov,I (2676) Helsingor 2012}) 5... d6 6. h3 {C55: Zweispringerspiel} Bb6 7. c3 h6 8. Rd1 $146 {Die Stellung ist ausgeglichen.} ({Vorgänger:} 8. d4 exd4 9. cxd4 Nxd4 10. Nxd4 Bxd4 11. Rd1 c5 12. Be3 Bxe3 {0-1 (28) Charneira,H (2205)-Adla,D (2445) Loures 1997}) 8... g5 9. d4 {[%cal Bd2d4,Bd4d5][%mdl 32]} Qe7 10. d5 Nb8 11. Be3 Nbd7 12. Bxb6 axb6 13. Bb5 Kd8 14. Bxd7 (14. Nfd2 $11) 14... Bxd7 $15 15. Nh2 h5 16. Nd2 Ne8 17. Ndf1 g4 18. hxg4 hxg4 19. Nxg4 Qh4 {[%csl Gh8][%cal Rh4h1] [#]} 20. Ngh2 ({Lieber} 20. f3 $1 $15) 20... Nf6 $17 {[%mdl 1024] Schwarz hat starke Kompensation.} 21. f3 Ke7 $36 {[%mdl 2048] Läuft bei Schwarz.} 22. g3 (22. Qe1 $17) 22... Rag8 $19 23. Qg2 Bh3 {[%cal Bd7h3,Bh3g2,Bg2e4][%mdl 32]} 24. Kf2 Bxg2 25. gxh4 Rxh4 26. Ng4 $2 (26. Re1 {ist wohl besser.}) 26... Nxg4+ 27. fxg4 Rhxg4 28. Re1 $2 (28. Nd2) 28... Bxe4 {Schwarz steht klar auf Gewinn.} 29. Ne3 Rh4 {[#] ( -> ...Th2+)} 30. Ke2 Rh2+ 31. Kd1 f5 {[%cal Bf7f5,Bf5f4][%mdl 32]} 32. Kc1 f4 {Precision: Weiß = 23%, Schwarz = 72%.} 0-1

[Event "83rd ESP-ch Women-ch 2018"]
[Site "Linares"]
[Date "2018.08.27"]
[Round "8"]
[White "Romero Romero, Sebastian"]
[Black "Balbuena Fuentes, Mario"]
[Result "0-1"]
[WhiteElo "2171"]
[BlackElo "2306"]
[Annotator "TA"]
[PlyCount "104"]
[EventDate "2018.08.09"]
[EventType "tourn"]
[EventCountry "ESP"]
[SourceTitle "playchess.com"]
[Source "ChessBase"]
[SourceQuality "1"]

{[%evp 9,104,8,26,20,32,28,37,-64,-61,-69,-63,-87,-75,-92,-90,-110,-99,-102,-102,-114,-102,-127,-80,-116,-116,-121,-111,-107,-124,-134,-118,-176,-161,-252,-118,-185,-165,-160,-166,-164,-163,-165,-174,-179,-179,-287,-263,-287,-247,-224,-248,-645,-642,-879,-566,-600,-597,-1110,-1077,-12832,-1792,-12833,-12833,-12833,-12833,-12832,-12825,-6536,-6516,-6323,-2813,-2757,-2394,-12835,-12835,-12836,-12836,-12837,-12836,-12837,-12837,-12839,-1073,-1218,-1193,-1853,-1565,-12837,-2099,-2056,-1505,-2273,-2205,-12849,-12849,-12850,-12850]} 1. Nf3 b6 2. e4 Bb7 3. e5 (3. Nc3 Nf6 4. e5 Nd5 5. Nxd5 Bxd5 6. d4 e6 7. Bd3 c5 8. dxc5 Bxc5 9. O-O Nc6 10. Re1 f6 11. exf6 Qxf6 {0-1 (45) Gelfand,B (2697)-Artemiev,V (2691) Moscow 2017}) 3... e6 4. d4 d6 5. Bd3 Nd7 6. Qe2 $146 {B00: Queen's Fianchetto Defence, Nimzowitsch Defence} ({Predecessor:} 6. Bf4 dxe5 7. dxe5 Ne7 8. Nbd2 Nc5 9. Bb5+ c6 10. Be2 Ng6 11. Bg3 Qd7 12. O-O Rd8 {½-½ (42) Birkestrand,O (1837)-Fossum,W (2040) Rogaska Slatina 2012}) 6... Ne7 7. Nc3 Ng6 8. d5 (8. exd6 $14 Bxd6 9. Bg5) 8... Ngxe5 9. Nxe5 Nxe5 10. Bb5+ c6 11. dxc6 Nxc6 12. Bf4 a6 13. Bxc6+ Bxc6 14. O-O-O Be7 15. Be5 Kf8 (15... dxe5 16. Rxd8+ Bxd8 17. Qc4 $16 (17. Qxe5 O-O $14)) (15... Bxg2 $6 16. Rhg1 $11) 16. Qg4 {[#]} f6 $1 {[%cal Rf6e5]} ({Not} 16... dxe5 17. Rxd8+ Rxd8 18. Qe2 $16) 17. Bg3 Kf7 ({Stronger than} 17... Bxg2 18. Rhg1 $14) 18. Rhe1 Qd7 19. Qb4 {[%cal Rg3d6]} Rhd8 ({Reject} 19... Bxg2 $6 20. Bxd6 Rhe8 21. Rd3 $11) 20. Qxb6 (20. Qg4 $17) 20... Bxg2 $19 21. Qa5 (21. Qe3 $142) 21... Bc6 (21... d5 $19 {has better winning chances. And now ...Qc6 would win.} 22. Qb6 Bh3) 22. Ne4 (22. Qh5+ $17 Kg8 23. Qg4) 22... Bxe4 23. Rxe4 d5 24. Re3 Rdc8 25. Qd2 Rc5 26. Qe2 Rac8 27. Qxa6 (27. c3 {was necessary.}) 27... Rxc2+ 28. Kb1 R8c6 29. Qd3 Qc8 $40 {[%mdl 128] ( -> ...Rc1+). White is in trouble.} 30. Ree1 $2 (30. a3) 30... Bb4 {Black is clearly winning.} 31. Rg1 {[#]} Bd2 $1 {[%mdl 512]} 32. a3 (32. Rxd2 Rc1+) 32... Bc1 33. Be5 fxe5 34. Qxh7 Rxb2+ 35. Ka1 Ra2+ 36. Kxa2 Rc2+ 37. Kb1 Qb7+ 38. Kxc2 Qb2+ 39. Kd3 e4+ 40. Qxe4 dxe4+ 41. Kxe4 Qe2+ 42. Kd4 Bb2+ 43. Kc5 Bxa3+ 44. Kc6 Be7 45. Rb1 Qf3+ (45... Qa6+ $142 46. Rb6 Qc8+ 47. Kb5 Bd8) 46. Kc7 Qf4+ 47. Kc8 Qxh2 48. f4 Bf6 49. Rb7+ Kg8 50. Re1 Qxf4 51. Rxe6 Qc4+ 52. Kd7 Qd5+ {Precision: White = 30%, Black = 73%.} 0-1

[Event "83rd ESP-ch Women-ch 2018"]
[Site "Linares"]
[Date "2018.08.27"]
[Round "8"]
[White "Roldan Marques, Daniel"]
[Black "Ortin Blanco, Ainhoa"]
[Result "1-0"]
[WhiteElo "2161"]
[BlackElo "1951"]
[Annotator "TA"]
[PlyCount "94"]
[EventDate "2018.08.09"]
[EventType "tourn"]
[EventCountry "ESP"]
[SourceTitle "playchess.com"]
[Source "ChessBase"]
[SourceQuality "1"]

{[%evp 17,94,-14,-15,-7,30,17,45,31,40,20,65,-18,26,-83,90,90,101,97,111,38,515,510,566,573,561,579,583,560,587,481,479,447,460,411,418,418,431,445,506,499,485,486,487,460,516,507,580,577,579,571,578,575,572,562,535,564,552,564,555,562,535,529,556,561,553,550,560,552,691,649,705,703,852,810,870,764,840,821,1548]} 1. d4 d5 2. c4 e6 3. Nc3 Bb4 4. e3 c5 5. Nf3 Nc6 6. Be2 Nf6 7. O-O O-O 8. Qc2 cxd4 9. exd4 dxc4 10. Rd1 {E38: Nimzo-Indian: Classical: 4...c5} Nd5 11. Bxc4 ({But not} 11. Nxd5 exd5 12. b3 cxb3 $17) 11... Be7 (11... Bxc3 12. bxc3 Nce7 13. Bd3 f5 14. Bf1 Bd7 15. c4 Rc8 16. Qb3 Nb6 17. Re1 Ba4 18. Qe3 Rf6 19. Qa3 Qd7 20. Bg5 Nxc4 21. Bxc4 Rxc4 22. Ne5 {1-0 (22) Kiss,S (2146)-Veress,L (2116) Hungary 2005}) 12. a3 $146 {White is slightly better.} ({Predecessor:} 12. Ne5 Ndb4 13. Qe4 Qa5 14. Bf4 Nxe5 15. dxe5 {0-1 (33) Popov,O (1940)-Zastrozhnov,I Voronezh 2016}) 12... a6 13. Ne4 f5 14. Neg5 (14. Nc3 $14) 14... Bf6 15. b4 (15. Nh3 $11) 15... Nb8 $2 {[#]} (15... h6 $17 16. Nh3 g5) 16. Re1 $16 Qd6 17. Qa2 Kh8 18. Bb2 (18. Bxd5 $16 Qxd5 19. Nxe6 Qxa2 20. Rxa2 Bxe6 21. Rxe6) 18... b6 $2 {[%mdl 8192] [#]} ({Better is} 18... Bd7 $14) 19. Nxe6 $1 $18 {[%mdl 512]} Nc7 (19... Bxe6 20. Rxe6) 20. Nxf8 Qxf8 21. d5 Ne8 22. Bxf6 Nxf6 23. Ne5 Nbd7 24. Qe2 b5 25. Nxd7 Bxd7 26. Bb3 Re8 27. Qd3 {White is clearly winning.} Ne4 28. f3 Nd6 29. Rxe8 Qxe8 30. Qd2 Qf8 31. Re1 f4 32. Qd4 Kg8 33. Qe5 h6 34. Qe7 Bf5 35. Qxf8+ Kxf8 {[%mdl 4096] Endgame KRB-KBN} 36. Rc1 Ke7 37. Rc7+ Kf6 38. Rc6 Ke5 39. Rxa6 Bd3 40. a4 bxa4 41. Rxa4 Nb5 42. Ra5 g5 43. Ba4 Nc3 44. Bc6 Kd6 45. Ra8 Bc4 46. Rh8 Ne2+ 47. Kf2 Nc1 {Precision: White = 71%, Black = 20%.} 1-0

[Event "83rd ESP-ch Women-ch 2018"]
[Site "Linares"]
[Date "2018.08.27"]
[Round "8"]
[White "Arroyo Rodriguez, Jesus"]
[Black "Diaz Rodriguez, Jose Antonio"]
[Result "1/2-1/2"]
[WhiteElo "2099"]
[BlackElo "1991"]
[Annotator "NA"]
[PlyCount "84"]
[EventDate "2018.08.09"]
[EventType "tourn"]
[EventCountry "ESP"]
[SourceTitle "playchess.com"]
[Source "ChessBase"]
[SourceQuality "1"]
[TimeControl "40/5400+30:1800+30"]

1. Nf3 {[%emt 0:00:14]} Nf6 {[%emt 0:00:00]} 2. g3 {[%emt 0:00:11]} c6 {[%emt 0:01:35]} 3. c4 {[%emt 0:00:35]} g6 {[%emt 0:00:31]} 4. b3 {[%emt 0:00:14]} d6 {[%emt 0:00:35]} 5. d4 {[%emt 0:00:35]} Bg7 {[%emt 0:00:41]} 6. Bb2 {[%emt 0:00:50]} O-O {[%emt 0:01:22]} 7. Bg2 {[%emt 0:00:29]} a5 {[%emt 0:09:01] E60: King's Indian: Unusual lines and Fianchetto Variation without Nc3} (7... Nbd7 8. O-O Qc7 9. Nc3 Re8 10. e4 e5 11. h3 b6 12. d5 cxd5 13. cxd5 Ba6 14. Re1 Nc5 15. Bf1 Bxf1 16. Kxf1 Rec8 17. Kg2 a6 18. Qe2 {1-0 (57) Skoberne,J (2563)-Onischuk,V (2632) Batumi 2018}) 8. a3 {[%emt 0:00:28]} Bg4 $146 {[%emt 0:04:21]} ({Predecessor:} 8... Nbd7 9. O-O Qb6 10. Qc2 Re8 11. Nbd2 Qa6 12. e4 e5 13. dxe5 dxe5 14. b4 b5 15. c5 {0-1 (76) Ljangov,P (2090)-Zygouris,H (2225) Bansko 2010}) 9. h3 {[%emt 0:01:12]} Bd7 {[%emt 0:02:10]} 10. O-O {[%emt 0:01:18]} Ne4 11. Ne1 {[%emt 0:07:14]} d5 {[%emt 0:10:30]} 12. Nc3 {[%emt 0:04:54]} Nxc3 {[%emt 0:01:30]} 13. Bxc3 {[%emt 0:00:18]} Be6 {[%emt 0:01:10]} 14. c5 {[%emt 0:02:38]} Nd7 {[%emt 0:02:42]} 15. Qd2 {[%emt 0:04:13]} Nf6 {[%emt 0:01:43]} 16. f3 {[%emt 0:02:03]} Qc7 {[%emt 0:03:58]} 17. Qf4 {[%emt 0:01:54]} Qd7 {[%emt 0:05:24]} 18. g4 {[%emt 0:01:05]} Ne8 {[%emt 0:07:24]} 19. Nd3 {[%emt 0:02:08]} f6 {[%emt 0:01:47]} 20. Rfb1 {[%emt 0:10:17]} h5 {[%emt 0:03:33]} 21. b4 {[%emt 0:15:13]} axb4 {[%emt 0:03:12]} 22. Rxb4 {[%emt 0:00:18]} Qc8 {[%emt 0:03:52]} 23. a4 {[%emt 0:05:42]} Kh7 {[%emt 0:00:20]} 24. Bd2 {[%emt 0:00:46]} Rh8 {[%emt 0:00:33]} 25. Rab1 {[%emt 0:02:38]} Ra7 {[%emt 0:02:32]} 26. Kf2 {[%emt 0:02:46]} Kg8 {[%emt 0:00:20]} 27. Qg3 {[%emt 0:03:35]} h4 {[%emt 0:03:15]} 28. Qh2 {[%emt 0:01:06]} Nc7 {[%emt 0:01:40]} 29. Bf4 {[%emt 0:05:05]} Na6 $14 {[%emt 0:00:09]} 30. Rb6 {[%emt 0:00:42]} Kf7 {[%emt 0:00:47]} 31. Qg1 {[%emt 0:04:00]} Bh6 {[%emt 0:09:03]} 32. Bh2 {[%emt 0:04:38]} Bd2 {[%emt 0:02:53]} 33. Qd1 {[%emt 0:03:42]} Ba5 {[%emt 0:00:19]} 34. R6b3 {[%emt 0:00:36]} Bc7 {[%emt 0:00:21]} 35. f4 {[%emt 0:02:19]} Qa8 {[%emt 0:03:15]} 36. Qd2 {[%emt 0:01:54]} Bc8 {[%emt 0:00:44]} 37. e4 {[%emt 0:01:53]} e6 {[%emt 0:00:52]} 38. Qc2 {[%emt 0:02:09]} Nb8 {[%emt 0:00:34]} 39. Rb4 {[%emt 0:00:29]} Na6 {[%emt 0:01:21]} 40. R4b3 Nb8 41. Rb4 Na6 42. R4b3 Qb8 1/2-1/2

[Event "83rd ESP-ch Women-ch 2018"]
[Site "Linares"]
[Date "2018.08.27"]
[Round "8"]
[White "Gil Quilez, Sonia"]
[Black "Antunez Munoz, Ines"]
[Result "1/2-1/2"]
[WhiteElo "2066"]
[BlackElo "1956"]
[Annotator "NA"]
[PlyCount "122"]
[EventDate "2018.08.09"]
[EventType "tourn"]
[EventCountry "ESP"]
[SourceTitle "playchess.com"]
[Source "ChessBase"]
[SourceQuality "1"]
[TimeControl "40/5400+30:1800+30"]

1. d4 {[%emt 0:00:00]} d5 {[%emt 0:00:00]} 2. c4 {[%emt 0:00:00]} e6 {[%emt 0:00:00]} 3. Nc3 {[%emt 0:00:00]} a6 {[%emt 0:00:02]} 4. cxd5 {[%emt 0:00:06]} exd5 {[%emt 0:00:07]} 5. Qb3 {[%emt 0:00:21] D31: Queen's Gambit Declined: Semi-Slav without ...Nf6 (+ Marshall Gambit and Noteboom) and Exchange Variation lines without ...Nf6} (5. Bf4 Nf6 6. e3 Bd6 7. Bg5 Be6 8. Bd3 Nbd7 9. f4 h6 10. Bh4 g5 11. fxg5 hxg5 12. Bxg5 Rxh2 13. Rxh2 Bxh2 {1-0 (69) Yu,Y (2762)-Fedoseev,V (2707) Danzhou 2018}) 5... Nc6 {[%emt 0:01:44]} 6. Nf3 {[%emt 0:00:14]} Be6 {[%emt 0:00:53]} 7. Bf4 {[%emt 0:01:21]} Bd6 {[%emt 0:02:45]} 8. Bg3 $146 {[%emt 0:00:18]} ({Predecessor:} 8. Bxd6 Qxd6 9. Qxb7 Rb8 10. Qxa6 Rxb2 11. e3 Rc2 12. Nb1 {1-0 (31) Kezin,R (2382)-Kagirov,R (2289) Novosibirsk 2014}) 8... Nf6 {[%emt 0:00:43]} 9. e3 {[%emt 0:01:33]} O-O {[%emt 0:00:57]} 10. a3 {[%emt 0:03:09]} Rb8 {[%emt 0:06:34]} 11. Bd3 {[%emt 0:01:26]} Ne7 {[%emt 0:01:01]} 12. Qc2 {[%emt 0:02:12]} c6 {[%emt 0:04:56]} 13. Ne5 {[%emt 0:02:02]} g6 14. Bf4 {[%emt 0:05:39]} Kg7 {[%emt 0:07:19]} 15. h3 {[%emt 0:05:51]} Qc7 {[%emt 0:02:56]} 16. g4 {[%emt 0:04:27]} c5 {[%emt 0:03:12]} 17. Be2 {[%emt 0:08:46]} cxd4 {[%emt 0:11:17]} 18. exd4 {[%emt 0:00:02]} Ne4 {[%emt 0:00:15]} 19. Qc1 {[%emt 0:03:24]} Rfc8 {[%emt 0:07:14]} 20. Bh6+ {[%emt 0:02:58]} Kg8 {[%emt 0:00:08]} 21. Qf4 {[%emt 0:02:06]} Nc6 {[%emt 0:06:37]} 22. Nxe4 {[%emt 0:02:31]} dxe4 {[%emt 0:00:27]} 23. Qf6 {[%emt 0:05:56]} Bf8 {[%emt 0:04:03]} 24. Bxf8 {[%emt 0:13:13]} Rxf8 {[%emt 0:03:12]} 25. Rd1 {[%emt 0:01:26]} Rfd8 {[%emt 0:04:44]} 26. O-O {[%emt 0:05:39]} Rd6 {[%emt 0:07:58]} 27. Nxc6 {[%emt 0:06:03]} Qxc6 {[%emt 0:03:29]} 28. Qf4 {[%emt 0:00:05]} Rbd8 {[%emt 0:00:23]} 29. Qe3 {[%emt 0:00:17]} Qb6 {[%emt 0:04:28]} 30. Rd2 {[%emt 0:02:09]} Bd5 {[%emt 0:04:32]} 31. Rc1 {[%emt 0:01:36]} Rc6 {[%emt 0:03:34]} 32. Rc5 {[%emt 0:00:33]} Qc7 {[%emt 0:03:09]} 33. b4 {[%emt 0:00:41]} Qd6 {[%emt 0:02:29]} 34. Rdc2 {[%emt 0:02:09]} f5 {[%emt 0:04:36]} 35. gxf5 {[%emt 0:04:27]} gxf5 {[%emt 0:00:10]} 36. Rxc6 {[%emt 0:00:05]} Bxc6 {[%emt 0:01:10]} 37. Qg5+ {[%emt 0:00:26]} Qg6 {[%emt 0:00:51]} 38. Qxg6+ {[%emt 0:00:13]} hxg6 {[%emt 0:00:05]} 39. Bxa6 {[%emt 0:00:47]} Rxd4 {[%emt 0:00:33]} 40. b5 {[%emt 0:02:09]} Bd5 {[%emt 0:00:21]} 41. Rc8+ {[%emt 0:30:09]} Kg7 {[%emt 0:30:41]} 42. Rc7+ {[%emt 0:00:02]} Kf6 {[%emt 0:00:19]} 43. Bxb7 {[%emt 0:00:06]} Bxb7 {[%emt 0:01:01]} 44. Rxb7 {[%emt 0:00:02]} Ra4 {[%emt 0:00:08]} 45. Rb6+ {[%emt 0:00:09]} Kg5 {[%emt 0:00:21]} 46. Ra6 {[%emt 0:00:05]} Rc4 {[%emt 0:00:16]} 47. b6 {[%emt 0:00:25]} Rc1+ {[%emt 0:00:50]} 48. Kg2 {[%emt 0:00:18]} Rb1 {[%emt 0:00:10]} 49. a4 {[%emt 0:00:28]} Rb2 {[%emt 0:01:08]} 50. a5 {[%emt 0:00:33]} e3 {[%emt 0:00:07]} 51. Ra7 {[%emt 0:00:11]} Rxf2+ {[%emt 0:00:52]} 52. Kg1 {[%emt 0:00:09]} Rb2 {[%emt 0:00:36]} 53. Re7 {[%emt 0:00:26]} Kf4 {[%emt 0:00:27]} 54. b7 {[%emt 0:02:02]} Kf3 {[%emt 0:00:32]} 55. h4 {[%emt 0:03:11]} Rb1+ {[%emt 0:00:35]} 56. Kh2 {[%emt 0:00:03]} Rb2+ {[%emt 0:00:21]} 57. Kh3 {[%emt 0:00:27]} Rb1 {[%emt 0:00:28]} 58. Kh2 {[%emt 0:03:16]} Rb2+ {[%emt 0:00:23]} 59. Kg1 {[%emt 0:00:05]} Rb1+ {[%emt 0:00:40]} 60. Kh2 {[%emt 0:00:24]} Rb2+ {[%emt 0:00:10]} 61. Kh3 $11 {[%emt 0:03:52]} Rb1 {[%emt 0:00:36]} 1/2-1/2